<?xml version="1.0" encoding="UTF-8"?>
<record
    xmlns:xsi="http://www.w3.org/2001/XMLSchema-instance"
    xsi:schemaLocation="http://www.loc.gov/MARC21/slim http://www.loc.gov/standards/marcxml/schema/MARC21slim.xsd"
    xmlns="http://www.loc.gov/MARC21/slim">

  <leader>01884nam0a2200385   4500</leader>
  <controlfield tag="001">RU\NLR\bibl\1156230</controlfield>
  <controlfield tag="005">20260405145021.0</controlfield>
  <datafield tag="010" ind1=" " ind2=" ">
    <subfield code="a">978-5-382-00339-9</subfield>
    <subfield code="9">350</subfield>
  </datafield>
  <datafield tag="021" ind1=" " ind2=" ">
    <subfield code="a">RU</subfield>
    <subfield code="b">2007-71141</subfield>
    <subfield code="9">3822</subfield>
  </datafield>
  <datafield tag="035" ind1=" " ind2=" ">
    <subfield code="a">(NLR Aleph) 001143002</subfield>
  </datafield>
  <datafield tag="090" ind1=" " ind2=" ">
    <subfield code="a">1429627</subfield>
    <subfield code="c">1429627</subfield>
  </datafield>
  <datafield tag="100" ind1=" " ind2=" ">
    <subfield code="a">20071119d2007    |||y0rusy50      ca</subfield>
  </datafield>
  <datafield tag="101" ind1="0" ind2=" ">
    <subfield code="a">rus</subfield>
  </datafield>
  <datafield tag="102" ind1=" " ind2=" ">
    <subfield code="a">RU</subfield>
  </datafield>
  <datafield tag="105" ind1=" " ind2=" ">
    <subfield code="a">a   |||||||||</subfield>
  </datafield>
  <datafield tag="200" ind1="1" ind2=" ">
    <subfield code="a">&#x412;&#x442;&#x43E;&#x440;&#x43E;&#x435; &#x43D;&#x430;&#x447;&#x430;&#x43B;&#x43E; &#x442;&#x435;&#x440;&#x43C;&#x43E;&#x434;&#x438;&#x43D;&#x430;&#x43C;&#x438;&#x43A;&#x438;</subfield>
    <subfield code="f">&#x421;. &#x41A;&#x430;&#x440;&#x43D;&#x43E;, &#x423;. &#x422;&#x43E;&#x43C;&#x441;&#x43E;&#x43D; (&#x43B;&#x43E;&#x440;&#x434; &#x41A;&#x435;&#x43B;&#x44C;&#x432;&#x438;&#x43D;), &#x420;. &#x41A;&#x43B;&#x430;&#x443;&#x437;&#x438;&#x443;&#x441; [&#x438; &#x434;&#x440;.]</subfield>
    <subfield code="g">&#x43F;&#x43E;&#x434; &#x440;&#x435;&#x434;. &#x438; &#x441; &#x43F;&#x440;&#x435;&#x434;&#x438;&#x441;&#x43B;. &#x410;.&#x41A;. &#x422;&#x438;&#x43C;&#x438;&#x440;&#x44F;&#x437;&#x435;&#x432;&#x430;</subfield>
  </datafield>
  <datafield tag="205" ind1=" " ind2=" ">
    <subfield code="a">&#x418;&#x437;&#x434;. 2-&#x435;</subfield>
  </datafield>
  <datafield tag="210" ind1=" " ind2=" ">
    <subfield code="a">&#x41C;&#x43E;&#x441;&#x43A;&#x432;&#x430;</subfield>
    <subfield code="c">URSS</subfield>
    <subfield code="c">&#x41B;&#x41A;&#x418;</subfield>
    <subfield code="d">2007</subfield>
  </datafield>
  <datafield tag="215" ind1=" " ind2=" ">
    <subfield code="a">310,[1] &#x441;.</subfield>
    <subfield code="c">&#x438;&#x43B;.</subfield>
    <subfield code="d">22</subfield>
  </datafield>
  <datafield tag="225" ind1="1" ind2=" ">
    <subfield code="a">&#x424;&#x438;&#x437;&#x438;&#x43A;&#x43E;-&#x43C;&#x430;&#x442;&#x435;&#x43C;&#x430;&#x442;&#x438;&#x447;&#x435;&#x441;&#x43A;&#x43E;&#x435; &#x43D;&#x430;&#x441;&#x43B;&#x435;&#x434;&#x438;&#x435;: &#x444;&#x438;&#x437;&#x438;&#x43A;&#x430;</subfield>
    <subfield code="i">&#x422;&#x435;&#x440;&#x43C;&#x43E;&#x434;&#x438;&#x43D;&#x430;&#x43C;&#x438;&#x43A;&#x430; &#x438; &#x441;&#x442;&#x430;&#x442;&#x438;&#x447;&#x435;&#x441;&#x43A;&#x430;&#x44F; &#x43C;&#x435;&#x445;&#x430;&#x43D;&#x438;&#x43A;&#x430;</subfield>
  </datafield>
  <datafield tag="300" ind1=" " ind2=" ">
    <subfield code="a">&#x41D;&#x430; 4-&#x439; &#x441;. &#x43E;&#x431;&#x43B;. 2-&#x439; &#x438; 3-&#x439; &#x430;&#x432;&#x442;.: &#x43F;&#x440;&#x43E;&#x444;&#x435;&#x441;&#x441;&#x43E;&#x440;&#x430; &#x423;. &#x422;&#x43E;&#x43C;&#x441;&#x43E;&#x43D; &#x438; &#x420;. &#x41A;&#x43B;&#x430;&#x443;&#x437;&#x438;&#x443;&#x441;</subfield>
  </datafield>
  <datafield tag="313" ind1=" " ind2=" ">
    <subfield code="a">&#x41F;&#x435;&#x440;&#x432;&#x43E;&#x435; &#x438;&#x437;&#x434;&#x430;&#x43D;&#x438;&#x435; 1934&#x433;.</subfield>
  </datafield>
  <datafield tag="320" ind1=" " ind2=" ">
    <subfield code="a">&#x411;&#x438;&#x431;&#x43B;&#x438;&#x43E;&#x433;&#x440;. &#x432; &#x43F;&#x43E;&#x434;&#x441;&#x442;&#x440;&#x43E;&#x447;. &#x43F;&#x440;&#x438;&#x43C;.</subfield>
  </datafield>
  <datafield tag="606" ind1="1" ind2=" ">
    <subfield code="a">&#x412;&#x442;&#x43E;&#x440;&#x43E;&#x435; &#x43D;&#x430;&#x447;&#x430;&#x43B;&#x43E; &#x442;&#x435;&#x440;&#x43C;&#x43E;&#x434;&#x438;&#x43D;&#x430;&#x43C;&#x438;&#x43A;&#x438;</subfield>
    <subfield code="9">2273249</subfield>
    <subfield code="3">RU\NLR\auth\661362417</subfield>
  </datafield>
  <datafield tag="686" ind1=" " ind2=" ">
    <subfield code="a">&#x412;317.11</subfield>
  </datafield>
  <datafield tag="701" ind1=" " ind2="1">
    <subfield code="4">070</subfield>
    <subfield code="8">rus</subfield>
    <subfield code="7">ca</subfield>
    <subfield code="a">&#x41A;&#x430;&#x440;&#x43D;&#x43E;</subfield>
    <subfield code="b">&#x421;.</subfield>
    <subfield code="c">&#x444;&#x438;&#x437;&#x438;&#x43A;</subfield>
    <subfield code="f">1796-1832</subfield>
    <subfield code="g">&#x421;&#x430;&#x434;&#x438;</subfield>
    <subfield code="3">RU\NLR\AUTH\7760475</subfield>
    <subfield code="9">43406</subfield>
  </datafield>
  <datafield tag="701" ind1=" " ind2="1">
    <subfield code="4">070</subfield>
    <subfield code="8">rus</subfield>
    <subfield code="7">ca</subfield>
    <subfield code="a">&#x41A;&#x435;&#x43B;&#x44C;&#x432;&#x438;&#x43D;</subfield>
    <subfield code="b">&#x423;. &#x422;.</subfield>
    <subfield code="f">1824-1907</subfield>
    <subfield code="g">&#x423;&#x438;&#x43B;&#x44C;&#x44F;&#x43C; &#x422;&#x43E;&#x43C;&#x441;&#x43E;&#x43D;</subfield>
    <subfield code="3">RU\NLR\auth\7760520</subfield>
    <subfield code="9">43451</subfield>
  </datafield>
  <datafield tag="701" ind1=" " ind2="1">
    <subfield code="4">070</subfield>
    <subfield code="8">rus</subfield>
    <subfield code="7">ca</subfield>
    <subfield code="a">&#x41A;&#x43B;&#x430;&#x443;&#x437;&#x438;&#x443;&#x441;</subfield>
    <subfield code="b">&#x420;. &#x42E;.</subfield>
    <subfield code="f">1822-1888</subfield>
    <subfield code="g">&#x420;&#x443;&#x434;&#x43E;&#x43B;&#x44C;&#x444; &#x42E;&#x43B;&#x438;&#x443;&#x441;</subfield>
    <subfield code="3">RU\NLR\auth\7760474</subfield>
    <subfield code="9">43405</subfield>
  </datafield>
  <datafield tag="702" ind1=" " ind2="1">
    <subfield code="4">340</subfield>
    <subfield code="8">rus</subfield>
    <subfield code="7">ca</subfield>
    <subfield code="a">&#x422;&#x438;&#x43C;&#x438;&#x440;&#x44F;&#x437;&#x435;&#x432;</subfield>
    <subfield code="b">&#x410;. &#x41A;.</subfield>
    <subfield code="f">1880-1955</subfield>
    <subfield code="g">&#x410;&#x440;&#x43A;&#x430;&#x434;&#x438;&#x439; &#x41A;&#x43B;&#x438;&#x43C;&#x435;&#x43D;&#x442;&#x43E;&#x432;&#x438;&#x447;</subfield>
    <subfield code="3">RU\NLR\auth\7760513</subfield>
    <subfield code="9">43444</subfield>
  </datafield>
  <datafield tag="801" ind1=" " ind2="0">
    <subfield code="a">RU</subfield>
    <subfield code="b">NLR</subfield>
    <subfield code="c">20071119</subfield>
    <subfield code="g">RCR</subfield>
  </datafield>
  <datafield tag="801" ind1=" " ind2="1">
    <subfield code="a">RU</subfield>
    <subfield code="b">NLR</subfield>
    <subfield code="c">20071119</subfield>
  </datafield>
  <datafield tag="942" ind1=" " ind2=" ">
    <subfield code="c">BOOK</subfield>
  </datafield>
  <datafield tag="980" ind1=" " ind2=" ">
    <subfield code="a">NB</subfield>
  </datafield>
  <datafield tag="995" ind1=" " ind2=" ">
    <subfield code="5">2007-11-19</subfield>
    <subfield code="a">ad</subfield>
    <subfield code="b">NLR01</subfield>
    <subfield code="c">NLR01</subfield>
    <subfield code="e">RF9</subfield>
    <subfield code="f">2552018</subfield>
    <subfield code="k">2007-5/9368</subfield>
    <subfield code="o">0</subfield>
    <subfield code="r">BOOK</subfield>
    <subfield code="s">200759368_</subfield>
  </datafield>
  <datafield tag="995" ind1=" " ind2=" ">
    <subfield code="5">2007-11-19</subfield>
    <subfield code="a">ad</subfield>
    <subfield code="b">NLR01</subfield>
    <subfield code="c">NLR01</subfield>
    <subfield code="e">RF9</subfield>
    <subfield code="f">2552019</subfield>
    <subfield code="k">2007-5/9368</subfield>
    <subfield code="o">0</subfield>
    <subfield code="r">BOOK</subfield>
    <subfield code="s">200759368_</subfield>
  </datafield>
</record>
